| 000 | 00696nam a2200217Ia 4500 | ||
|---|---|---|---|
| 008 | 160517s9999 xx 000 0 und d | ||
| 050 | _aHF 5549.9 | ||
| 050 | _b.T114 2015 | ||
| 100 | _aTabulado, Adrian Paul A. | ||
| 245 | _aFactors affecting job satisfaction and teaching performance of basic education teachers of southville international school and colleges / | ||
| 245 | _cAdrian Paul A. Tabulado. | ||
| 260 | _aLas PiƱas, Philippines : | ||
| 260 | _bSISC, | ||
| 260 | _c2015. | ||
| 300 | _a159 pages : | ||
| 300 | _billustrations ; | ||
| 300 | _c28 cm. | ||
| 500 | _aIncludes bibliographical references and appendices. | ||
| 521 | _aBusiness Administration | ||
| 942 | _cTH | ||
| 999 |
_c293984 _d293984 |
||